Logo Identification #2 - English version - Statistics

General Stats
  • This quiz has been taken 30 times
  • The average score is 9 of 16
Answer Stats
Picture Answer % Correct
Wikipedia
88%
Jack Daniels
84%
Starbucks
80%
Twitter
80%
Dove
76%
Fruit of the Loom
72%
Nintendo Wii
72%
Harley Davidson
68%
Breaking Bad
64%
GAP
64%
Rolex
52%
Caterpillar
48%
Vodafone
36%
Dexter
32%
Sons of Anarchy
20%
BP Oil
0%
No matching quizzes found
Score Distribution
Percent of People with Each Score
Percentile by Number Answered
Your Score History
You have not taken this quiz